[Event "Titled Tuesday intern op 02nd Aug Early"]
[Site "Chess.com INT"]
[Date "2022.08.02"]
[Round "2"]
[White "Jeet, Jain"]
[Black "Zhigalko, Sergei"]
[Result "0-1"]
[WhiteElo "2167"]
[BlackElo "2572"]
[PlyCount "144"]
[EventDate "2022.08.02"]
[EventType "swiss (blitz)"]
[EventRounds "11"]
[EventCountry "USA"]
[SourceTitle "EXT 2023"]
[Source "ChessBase"]
[SourceDate "2022.10.05"]
[SourceVersion "1"]
[SourceVersionDate "2022.10.05"]
[SourceQuality "1"]

1. Nf3 d5 2. g3 c6 3. Bg2 Bg4 4. O-O Nd7 5. d4 Ngf6 6. c4 e6 7. cxd5 exd5 8. Nc3 Bd6 9. Bf4 Qe7 10. Bxd6 Qxd6 11. Qb3 Rb8 12. e3 O-O 13. Rfc1 h6 14. a4 Qe6 15. Rab1 Bf5 16. Ra1 Bh3 17. Qc2 Bxg2 18. Kxg2 a5 19. Rab1 Qd6 20. b3 Rfe8 21. Rb2 Ra8 22. Rcb1 Qb4 23. Na2 Qd6 24. Nc3 Rec8 25. b4 axb4 26. Rxb4 b6 27. Qb2 Ra5 28. Nd2 Rca8 29. Qc2 R5a6 30. Qd3 Qe7 31. R4b2 R6a7 32. Qc2 Qd6 33. Nf3 g6 34. Nd2 Kg7 35. h3 h5 36. Nf3 Re8 37. Rb4 Re7 38. Qb2 Re8 39. Qc2 Qb8 40. Ne2 Qa8 41. Nc3 Rc8 42. Qb2 Ra5 43. Rb3 Ra6 44. Rb4 Kg8 45. Rb3 Qa7 46. Ne5 Nxe5 47. dxe5 Nd7 48. f4 Rb8 49. Kh2 Nc5 50. Rb4 Nd3 51. Qb3 Nxb4 52. Qxb4 Qc7 53. Rc1 Qd7 54. Qb3 Ra5 55. Rd1 Qe7 56. Ne2 Rc5 57. Nd4 Rc4 58. a5 Qa7 59. Ra1 bxa5 60. Qa3 a4 61. g4 hxg4 62. hxg4 Qd7 63. Kg3 c5 64. Nf3 Rb3 65. Qa2 Rxe3 66. Kf2 Rcc3 67. Ng5 Qxg4 68. Qxd5 Qg3+ 69. Kf1 Rf3+ 70. Nxf3 Rxf3+ 71. Ke2 Rf2+ 72. Ke1 Qg1# 0-1

[Event "Titled Tuesday intern op 09th Aug Early"]
[Site "Chess.com INT"]
[Date "2022.08.09"]
[Round "3"]
[White "Zhigalko, Sergei"]
[Black "Pinheiro, Iung Alicio"]
[Result "0-1"]
[WhiteElo "2572"]
[BlackElo "2320"]
[PlyCount "154"]
[EventDate "2022.08.09"]
[EventType "swiss (blitz)"]
[EventRounds "11"]
[EventCountry "USA"]
[SourceTitle "EXT 2023"]
[Source "ChessBase"]
[SourceDate "2022.10.05"]
[SourceVersion "1"]
[SourceVersionDate "2022.10.05"]
[SourceQuality "1"]

1. e4 c5 2. Nf3 Nc6 3. c3 Nf6 4. e5 Nd5 5. Bc4 Nb6 6. Bb3 c4 7. Bc2 Qc7 8. Qe2 g5 9. h3 Bg7 10. O-O Nxe5 11. Nxg5 Qc6 12. Re1 d5 13. d4 cxd3 14. Bxd3 Qf6 15. Bxh7 Bf5 16. Bxf5 Qxf5 17. Qb5+ Nc6 18. a4 Bf6 19. f4 Bxg5 20. fxg5 O-O-O 21. a5 Rxh3 22. gxh3 Qxh3 23. Qe2 Rh8 24. Qg2 Qf5 25. Rf1 Qe6 26. axb6 Rh4 27. bxa7 Nxa7 28. Rxa7 Rg4 29. Ra8+ Kd7 30. Nd2 Rxg2+ 31. Kxg2 Qe2+ 32. Rf2 Qg4+ 33. Kh2 Qh4+ 34. Kg1 Qg4+ 35. Rg2 Qd1+ 36. Nf1 Qxc1 37. Ra4 e6 38. Rb4 Kc6 39. g6 fxg6 40. Rxg6 Qe1 41. Rg2 b6 42. Rf4 Kd6 43. Rf3 Qb1 44. Re3 Qf5 45. Rf2 Qg5+ 46. Rg2 Qf5 47. Rgg3 Qb1 48. b4 Qc2 49. Rh3 Qg6+ 50. Kf2 Qf5+ 51. Kg2 Qg6+ 52. Rhg3 Qc2+ 53. Kg1 Qf5 54. Nh2 Qb1+ 55. Kg2 Qc2+ 56. Kf3 Qf5+ 57. Kg2 Qc2+ 58. Kh1 Qd1+ 59. Rg1 Qh5 60. Rf3 Qh7 61. Kg2 Qe4 62. Rgf1 Qc2+ 63. Kg1 Qg6+ 64. Kh1 Qc2 65. Re1 Qg6 66. Rfe3 Qf5 67. Rxe6+ Kc7 68. Re7+ Kc6 69. R7e3 Kb5 70. Rd1 Qh5 71. Red3 Kc4 72. Kg2 Qg5+ 73. Kh1 Qh5 74. R1d2 Qg6 75. Rxd5 Qe4+ 76. Kg1 Qxd5 77. Rxd5 Kxd5 0-1

[Event "Titled Tuesday intern op 09th Aug Late"]
[Site "Chess.com INT"]
[Date "2022.08.09"]
[Round "3"]
[White "Zhigalko, Sergei"]
[Black "Di Nicolantonio, Lucas"]
[Result "1-0"]
[WhiteElo "2572"]
[BlackElo "2387"]
[PlyCount "123"]
[EventDate "2022.08.09"]
[EventType "swiss (blitz)"]
[EventRounds "11"]
[EventCountry "USA"]
[SourceTitle "EXT 2023"]
[Source "ChessBase"]
[SourceDate "2022.10.05"]
[SourceVersion "1"]
[SourceVersionDate "2022.10.05"]
[SourceQuality "1"]

1. e4 g6 2. d4 Bg7 3. Nc3 d6 4. Nf3 a6 5. Be3 b5 6. a4 b4 7. Ne2 Bb7 8. Ng3 Nd7 9. a5 c5 10. c3 bxc3 11. bxc3 Qc7 12. Bd3 Ngf6 13. O-O h5 14. Bg5 Nh7 15. Be3 Nhf6 16. Bg5 Nh7 17. Bh4 Bh6 18. Re1 g5 19. Nf5 gxh4 20. Nxh6 e6 21. Nxh4 Nhf6 22. Qd2 Ng4 23. Nxg4 hxg4 24. Qg5 Qd8 25. Qxd8+ Kxd8 26. g3 Kc7 27. Rab1 Bc6 28. Ng2 Rhb8 29. Ne3 Bb5 30. c4 Ba4 31. d5 Ne5 32. Be2 Rb4 33. Nxg4 Bc2 34. Rbc1 Bxe4 35. Nxe5 dxe5 36. Bf1 exd5 37. cxd5 Kd6 38. Rc3 Rab8 39. Bxa6 Rb1 40. Rce3 Bxd5 41. Rxe5 Rxe1+ 42. Rxe1 Ra8 43. Bf1 Rxa5 44. Rd1 Kc6 45. Rc1 Kd6 46. h4 Ra3 47. Bg2 Bxg2 48. Kxg2 Kc6 49. h5 Kb5 50. h6 Ra8 51. Kf3 Rh8 52. Rh1 c4 53. Kf4 c3 54. g4 Kc4 55. Kf5 c2 56. g5 Kd3 57. Kf6 Kd2 58. Kxf7 c1=Q 59. Rxc1 Kxc1 60. Kg7 Rb8 61. h7 Kd2 62. h8=Q 1-0

[Event "Titled Tuesday intern op 09th Aug Late"]
[Site "Chess.com INT"]
[Date "2022.08.09"]
[Round "4"]
[White "Zhigalko, Sergei"]
[Black "Salem, AR Saleh"]
[Result "0-1"]
[WhiteElo "2572"]
[BlackElo "2679"]
[PlyCount "92"]
[EventDate "2022.08.09"]
[EventType "swiss (blitz)"]
[EventRounds "11"]
[EventCountry "USA"]
[SourceTitle "EXT 2023"]
[Source "ChessBase"]
[SourceDate "2022.10.05"]
[SourceVersion "1"]
[SourceVersionDate "2022.10.05"]
[SourceQuality "1"]

1. e4 c6 2. d4 d5 3. e5 Bf5 4. Nf3 e6 5. Be2 c5 6. Be3 cxd4 7. Nxd4 Ne7 8. Nd2 Nbc6 9. N2f3 Bg4 10. O-O Bxf3 11. Nxf3 Qc7 12. Bf4 Rd8 13. Re1 Ng6 14. Bg3 Bc5 15. Bd3 Qb6 16. Rb1 a5 17. h4 Nge7 18. h5 h6 19. a3 Qa7 20. Nh4 O-O 21. Qg4 Kh8 22. Rbd1 Qb6 23. Rb1 Qa7 24. c3 a4 25. Bc2 Ra8 26. Rbd1 Qa6 27. Bd3 Qb6 28. Qe2 Kg8 29. Bb1 Rfd8 30. Qc2 Kf8 31. Kh2 Na5 32. Qh7 Nac6 33. Re2 d4 34. Qh8+ Ng8 35. Bh7 Nce7 36. cxd4 Bxd4 37. Rf1 Qb5 38. Ree1 Rac8 39. f4 Rc5 40. f5 Bxe5 41. Rxe5 Rxe5 42. fxe6 Rxe6 43. Bxg8 Nxg8 44. Ng6+ Rxg6 45. hxg6 f6 46. Qh7 Qxf1 0-1

[Event "Titled Tuesday intern op 23rd Aug Early"]
[Site "Chess.com INT"]
[Date "2022.08.23"]
[Round "8"]
[White "Zhigalko, Sergei"]
[Black "Papasimakopoulos, Alexandros"]
[Result "1-0"]
[WhiteElo "2572"]
[BlackElo "2314"]
[PlyCount "51"]
[EventDate "2022.08.23"]
[EventType "swiss (blitz)"]
[EventRounds "11"]
[EventCountry "USA"]
[SourceTitle "EXT 2023"]
[Source "ChessBase"]
[SourceDate "2022.10.05"]
[SourceVersion "1"]
[SourceVersionDate "2022.10.05"]
[SourceQuality "1"]

1. e4 e6 2. d4 d5 3. e5 b6 4. c3 Qd7 5. Nf3 Ne7 6. h4 h5 7. Bg5 Nf5 8. Nbd2 Ba6 9. Bxa6 Nxa6 10. Qe2 Nb8 11. O-O c5 12. dxc5 bxc5 13. c4 d4 14. Ne4 Nc6 15. Rad1 Qc7 16. Ng3 Nfe7 17. Rfe1 Ng6 18. b3 a5 19. Qe4 Rb8 20. Re2 Be7 21. Bxe7 Qxe7 22. Qxc6+ Kf8 23. Ne4 Kg8 24. Qxc5 Qxc5 25. Nxc5 Nxh4 26. Nxh4 1-0

[Event "Titled Tuesday intern op 23rd Aug Early"]
[Site "Chess.com INT"]
[Date "2022.08.23"]
[Round "9"]
[White "Zhigalko, Sergei"]
[Black "Fier, Alexandr"]
[Result "1-0"]
[WhiteElo "2572"]
[BlackElo "2572"]
[PlyCount "111"]
[EventDate "2022.08.23"]
[EventType "swiss (blitz)"]
[EventRounds "11"]
[EventCountry "USA"]
[SourceTitle "EXT 2023"]
[Source "ChessBase"]
[SourceDate "2022.10.05"]
[SourceVersion "1"]
[SourceVersionDate "2022.10.05"]
[SourceQuality "1"]

1. e4 c5 2. Nf3 a6 3. c3 d5 4. exd5 Nf6 5. Qa4+ Nbd7 6. d4 Nxd5 7. dxc5 e6 8. c4 Nc7 9. Be3 Be7 10. Nc3 O-O 11. O-O-O Qe8 12. c6 bxc6 13. Qxc6 Bd8 14. Ne4 Qe7 15. Nd6 Nf6 16. Nxc8 Rxc8 17. Bc5 Qe8 18. Ne5 Qxc6 19. Nxc6 Re8 20. Nxd8 Rexd8 21. Rxd8+ Rxd8 22. Be2 Rc8 23. Bd4 Nb5 24. Bxf6 gxf6 25. Rd1 e5 26. Rd7 Nd4 27. Bd3 f5 28. b3 a5 29. Kd2 Kg7 30. Rd5 Kf6 31. f4 Nc6 32. fxe5+ Nxe5 33. Rxa5 Rg8 34. g3 h5 35. Ra6+ Ke7 36. Bxf5 h4 37. gxh4 Rg2+ 38. Kc3 Rxh2 39. Ra7+ Kd6 40. Be4 Rxh4 41. Bd5 Rh3+ 42. Kb4 f5 43. Ra6+ Kd7 44. Ra7+ Kd6 45. Ra6+ Kc7 46. Rf6 f4 47. Kb5 f3 48. c5 Rh5 49. Bxf3 Nd7 50. Bxh5 Nxf6 51. Bf3 Nd7 52. b4 Ne5 53. Bd5 Nd3 54. a4 Nf4 55. Kc4 Ne6 56. Bxe6 1-0

[Event "Titled Tuesday intern op 23rd Aug Early"]
[Site "Chess.com INT"]
[Date "2022.08.23"]
[Round "10"]
[White "Lamaze, Simon"]
[Black "Zhigalko, Sergei"]
[Result "0-1"]
[WhiteElo "2371"]
[BlackElo "2572"]
[PlyCount "70"]
[EventDate "2022.08.23"]
[EventType "swiss (blitz)"]
[EventRounds "11"]
[EventCountry "USA"]
[SourceTitle "EXT 2023"]
[Source "ChessBase"]
[SourceDate "2022.10.05"]
[SourceVersion "1"]
[SourceVersionDate "2022.10.05"]
[SourceQuality "1"]

1. d4 Nf6 2. c4 e6 3. g3 c5 4. d5 exd5 5. cxd5 d6 6. Nc3 g6 7. Bg2 Bg7 8. Nf3 O-O 9. O-O Re8 10. Re1 a6 11. a4 Ne4 12. Nxe4 Rxe4 13. Qc2 Bf5 14. Bh3 Re5 15. Bxf5 Rxf5 16. Bf4 Rxd5 17. Rad1 Rxd1 18. Rxd1 Nc6 19. Bxd6 Nd4 20. Qxc5 Rc8 21. Qb4 Nxe2+ 22. Kg2 Rc2 23. Qxb7 Rxb2 24. Qxa6 Nc3 25. Rd3 Ne4 26. Bc5 Qe8 27. Be3 Bf8 28. a5 Nxf2 29. Bxf2 Qe2 30. Qc4 Qxf2+ 31. Kh3 Qf1+ 32. Kh4 Rb4 33. Qxb4 Bxb4 34. Rd8+ Kg7 35. Ng5 Be7 0-1

[Event "Titled Tuesday intern op 23rd Aug Early"]
[Site "Chess.com INT"]
[Date "2022.08.23"]
[Round "11"]
[White "Zhigalko, Sergei"]
[Black "Ohanyan, Emin"]
[Result "1-0"]
[WhiteElo "2572"]
[BlackElo "2402"]
[PlyCount "65"]
[EventDate "2022.08.23"]
[EventType "swiss (blitz)"]
[EventRounds "11"]
[EventCountry "USA"]
[SourceTitle "EXT 2023"]
[Source "ChessBase"]
[SourceDate "2022.10.05"]
[SourceVersion "1"]
[SourceVersionDate "2022.10.05"]
[SourceQuality "1"]

1. e4 e5 2. Nf3 Nc6 3. Bc4 Nf6 4. d3 Bc5 5. O-O O-O 6. Nbd2 d6 7. c3 a5 8. h3 h6 9. Re1 Bb6 10. Nf1 Ne7 11. Ng3 Ng6 12. Bb3 Be6 13. Bxe6 fxe6 14. d4 exd4 15. cxd4 Qd7 16. Be3 d5 17. e5 Ne4 18. Nxe4 dxe4 19. Nd2 Bxd4 20. Nb3 Bxe3 21. Qxd7 Bxf2+ 22. Kh2 Bxe1 23. Qxe6+ Kh7 24. Rxe1 Rae8 25. Qc4 Rxe5 26. Rxe4 b5 27. Qc2 Ref5 28. Rg4 h5 29. Rxg6 Kxg6 30. Nd4 Kg5 31. Nxf5 Rxf5 32. Qxc7 g6 33. Qxa5 1-0

[Event "Titled Tuesday intern op 30th Aug Early"]
[Site "Chess.com INT"]
[Date "2022.08.30"]
[Round "1"]
[White "Zhigalko, Sergei"]
[Black "Chernomordik, Pavel"]
[Result "1-0"]
[WhiteElo "2572"]
[BlackElo "2200"]
[PlyCount "69"]
[EventDate "2022.08.30"]
[EventType "swiss (blitz)"]
[EventRounds "11"]
[EventCountry "USA"]
[SourceTitle "EXT 2023"]
[Source "ChessBase"]
[SourceDate "2022.10.05"]
[SourceVersion "1"]
[SourceVersionDate "2022.10.05"]
[SourceQuality "1"]

1. e4 g6 2. d4 Bg7 3. Nc3 d6 4. Nf3 a6 5. Be3 b5 6. a4 b4 7. Ne2 Nf6 8. Ng3 O-O 9. Bd3 Ng4 10. Bd2 c5 11. c3 bxc3 12. bxc3 Nd7 13. h3 Ngf6 14. O-O Bb7 15. Qe2 e5 16. dxe5 dxe5 17. a5 Qe7 18. Bc4 Kh8 19. Rfb1 Bc6 20. Bxa6 Nxe4 21. Nxe4 Bxe4 22. Qxe4 Rxa6 23. Rb7 Qd6 24. Qc4 Raa8 25. Ng5 Kg8 26. Be3 Qc6 27. a6 h6 28. Ne4 Nb6 29. Qxc5 Qxe4 30. Qxb6 Qc2 31. Qb3 Qf5 32. a7 e4 33. Rb8 Qd7 34. Rxa8 Rxa8 35. Qb8+ 1-0

[Event "Titled Tuesday intern op 30th Aug Early"]
[Site "Chess.com INT"]
[Date "2022.08.30"]
[Round "2"]
[White "Tologontegin, Semetey"]
[Black "Zhigalko, Sergei"]
[Result "0-1"]
[WhiteElo "2374"]
[BlackElo "2572"]
[PlyCount "56"]
[EventDate "2022.08.30"]
[EventType "swiss (blitz)"]
[EventRounds "11"]
[EventCountry "USA"]
[SourceTitle "EXT 2023"]
[Source "ChessBase"]
[SourceDate "2022.10.05"]
[SourceVersion "1"]
[SourceVersionDate "2022.10.05"]
[SourceQuality "1"]

1. g3 d5 2. Bg2 c6 3. d3 Bg4 4. h3 Bh5 5. g4 Bg6 6. f4 e6 7. e4 h6 8. Qe2 Bh7 9. Nf3 Bd6 10. O-O Ne7 11. Nc3 Nd7 12. f5 Qc7 13. fxe6 fxe6 14. Nd4 Bc5 15. Be3 Qd6 16. exd5 exd5 17. b4 Bxb4 18. Bf4 Qc5 19. Be3 Qxc3 20. Ne6 Qe5 21. Rab1 Bd6 22. Nf4 O-O 23. d4 Qf6 24. Nxd5 Qe6 25. Nf4 Bxf4 26. Rxf4 Rxf4 27. Qd2 Re4 28. Bxe4 Bxe4 0-1

[Event "Titled Tuesday intern op 30th Aug Early"]
[Site "Chess.com INT"]
[Date "2022.08.30"]
[Round "3"]
[White "Zhigalko, Sergei"]
[Black "Zemlyanskii, Ivan"]
[Result "1-0"]
[WhiteElo "2572"]
[BlackElo "2257"]
[PlyCount "101"]
[EventDate "2022.08.30"]
[EventType "swiss (blitz)"]
[EventRounds "11"]
[EventCountry "USA"]
[SourceTitle "EXT 2023"]
[Source "ChessBase"]
[SourceDate "2022.10.05"]
[SourceVersion "1"]
[SourceVersionDate "2022.10.05"]
[SourceQuality "1"]

1. e4 c5 2. c3 Nf6 3. e5 Nd5 4. Nf3 Nc6 5. Bc4 Nb6 6. Bb3 c4 7. Bc2 g6 8. O-O Bg7 9. Qe2 Qc7 10. Re1 O-O 11. Na3 Na5 12. b4 cxb3 13. axb3 d5 14. Nb5 Qb8 15. Rxa5 Bg4 16. Nbd4 e6 17. h3 Bxf3 18. Nxf3 Nd7 19. Ra1 Rc8 20. Bb2 b5 21. d4 a5 22. Bd3 b4 23. c4 dxc4 24. Bxc4 Nb6 25. Nd2 a4 26. bxa4 Nxa4 27. Rab1 Qa7 28. Nf3 Rcb8 29. d5 Nc3 30. Bxc3 bxc3 31. dxe6 fxe6 32. Ng5 Kh8 33. Bxe6 h6 34. Nf3 Rxb1 35. Rxb1 Qc5 36. Rc1 Rb8 37. Qe3 Qxe3 38. fxe3 Re8 39. Bd5 Rc8 40. Kf2 Rc5 41. e4 Bf8 42. Rc2 Rc7 43. Ke3 Kg7 44. Nd4 Bc5 45. Rxc3 Bxd4+ 46. Kxd4 Ra7 47. e6 Ra4+ 48. Ke5 Ra7 49. Rf3 Ra6 50. Rf7+ Kg8 51. e7 1-0

[Event "Titled Tuesday intern op 30th Aug Early"]
[Site "Chess.com INT"]
[Date "2022.08.30"]
[Round "4"]
[White "Gan Od, Sereenen"]
[Black "Zhigalko, Sergei"]
[Result "0-1"]
[WhiteElo "2320"]
[BlackElo "2572"]
[PlyCount "96"]
[EventDate "2022.08.30"]
[EventType "swiss (blitz)"]
[EventRounds "11"]
[EventCountry "USA"]
[SourceTitle "EXT 2023"]
[Source "ChessBase"]
[SourceDate "2022.10.05"]
[SourceVersion "1"]
[SourceVersionDate "2022.10.05"]
[SourceQuality "1"]

1. c4 e5 2. Nc3 Nf6 3. e4 Bc5 4. Be2 d6 5. Nf3 Nc6 6. O-O a5 7. d3 h6 8. Be3 O-O 9. h3 Be6 10. a3 Nd7 11. Bxc5 Nxc5 12. d4 exd4 13. Nxd4 Nxd4 14. Qxd4 Nb3 15. Qe3 Nxa1 16. Rxa1 Qg5 17. f4 Qc5 18. Qxc5 dxc5 19. f5 Bd7 20. Kf2 Rad8 21. g4 Bc6 22. Ke3 Rfe8 23. h4 Rd4 24. Bd3 Red8 25. Nd5 Bxd5 26. cxd5 c6 27. Rc1 b6 28. Bc4 Re8 29. Bd3 cxd5 30. g5 hxg5 31. hxg5 g6 32. f6 dxe4 33. Bc4 Re5 34. b4 Rxg5 35. bxa5 bxa5 36. Rb1 Rxc4 37. Rb8+ Kh7 38. Kf4 Rf5+ 39. Kg4 Rxf6 40. Kg5 Rf5+ 41. Kh4 e3+ 42. Kg3 Re4 43. a4 e2 44. Kg2 e1=Q 45. Rh8+ Kxh8 46. Kh3 Rf3+ 47. Kg2 Qg3+ 48. Kh1 Rf1# 0-1

[Event "Titled Tuesday intern op 30th Aug Early"]
[Site "Chess.com INT"]
[Date "2022.08.30"]
[Round "5"]
[White "Zhigalko, Sergei"]
[Black "Pulpan, Jakub"]
[Result "1/2-1/2"]
[WhiteElo "2572"]
[BlackElo "2422"]
[PlyCount "157"]
[EventDate "2022.08.30"]
[EventType "swiss (blitz)"]
[EventRounds "11"]
[EventCountry "USA"]
[SourceTitle "EXT 2023"]
[Source "ChessBase"]
[SourceDate "2022.10.05"]
[SourceVersion "1"]
[SourceVersionDate "2022.10.05"]
[SourceQuality "1"]

1. e4 e5 2. Nf3 Nc6 3. Bc4 Bc5 4. b4 Bxb4 5. c3 Be7 6. d4 d6 7. Qb3 Na5 8. Bxf7+ Kf8 9. Qa4 Nc6 10. Bb3 Bd7 11. Qc4 Qe8 12. O-O Nf6 13. Nbd2 Rc8 14. Re1 Na5 15. Qd3 Nc6 16. Ng5 h6 17. Bf7 Qd8 18. Ne6+ Bxe6 19. Bxe6 Rb8 20. Nf3 g5 21. h4 g4 22. Nh2 Qe8 23. Nxg4 Nxg4 24. Bxg4 Bxh4 25. Qh3 Qe7 26. d5 Nd8 27. Re3 Nf7 28. Be6 Bf6 29. Qh5 Ng5 30. Bf5 Qf7 31. Bg6 Qg7 32. Rg3 Ke7 33. Bf5 Rbg8 34. a4 Qf7 35. Qe2 h5 36. Qb5 h4 37. Rg4 b6 38. Qd7+ Kf8 39. Qc8+ Kg7 40. Qd7 Qxd7 41. Bxd7 Kf7 42. a5 Ke7 43. Bf5 Nf7 44. axb6 Rxg4 45. Bxg4 axb6 46. Ra7 Kd8 47. Ra8+ Ke7 48. Ra7 Kd8 49. Be3 Rf8 50. Be6 Ng5 51. Bf5 Nf7 52. Ra8+ Ke7 53. Ra6 Kd8 54. Ra7 Rh8 55. Kh2 Rf8 56. Be6 Ng5 57. Ra8+ Ke7 58. Rxf8 Kxf8 59. Bf5 Nf7 60. Be6 Ng5 61. Bf5 Nf7 62. Kg1 Nd8 63. Kf1 Nb7 64. Ke2 Nc5 65. Kf3 Kg7 66. Kg4 Nd3 67. Kh5 Nf4+ 68. Bxf4 exf4 69. c4 Bd4 70. Kg4 Bxf2 71. Kxf4 Kf6 72. Be6 Bg3+ 73. Kf3 Ke5 74. Bd7 Kd4 75. Bb5 Be1 76. Ba6 Bg3 77. Bb5 Kc5 78. Ba6 Kd4 79. Bb5 1/2-1/2

[Event "Titled Tuesday intern op 30th Aug Early"]
[Site "Chess.com INT"]
[Date "2022.08.30"]
[Round "6"]
[White "Zhigalko, Sergei"]
[Black "Bryakin, Mikhail"]
[Result "1/2-1/2"]
[WhiteElo "2572"]
[BlackElo "2429"]
[PlyCount "48"]
[EventDate "2022.08.30"]
[EventType "swiss (blitz)"]
[EventRounds "11"]
[EventCountry "USA"]
[SourceTitle "EXT 2023"]
[Source "ChessBase"]
[SourceDate "2022.10.05"]
[SourceVersion "1"]
[SourceVersionDate "2022.10.05"]
[SourceQuality "1"]

1. e4 d5 2. exd5 Qxd5 3. Nc3 Qe5+ 4. Be2 Bg4 5. d4 Bxe2 6. Ngxe2 Qa5 7. O-O Nf6 8. d5 c6 9. Nf4 cxd5 10. Ncxd5 Nxd5 11. Nxd5 e6 12. Nc3 Nc6 13. Qf3 Be7 14. Qg3 O-O 15. Re1 Rfd8 16. Bh6 Bf8 17. Bg5 Be7 18. Bh6 Bf8 19. Bf4 Qf5 20. Rac1 f6 21. Be3 e5 22. Qh4 Nd4 23. Qe4 Qxe4 24. Nxe4 Ne6 1/2-1/2

[Event "Titled Tuesday intern op 30th Aug Early"]
[Site "Chess.com INT"]
[Date "2022.08.30"]
[Round "7"]
[White "Atabayev, Saparmyrat"]
[Black "Zhigalko, Sergei"]
[Result "0-1"]
[WhiteElo "2430"]
[BlackElo "2572"]
[PlyCount "72"]
[EventDate "2022.08.30"]
[EventType "swiss (blitz)"]
[EventRounds "11"]
[EventCountry "USA"]
[SourceTitle "EXT 2023"]
[Source "ChessBase"]
[SourceDate "2022.10.05"]
[SourceVersion "1"]
[SourceVersionDate "2022.10.05"]
[SourceQuality "1"]

1. d4 Nf6 2. Nf3 e6 3. c4 b6 4. Nc3 Bb4 5. g3 Bb7 6. Bg2 O-O 7. O-O Bxc3 8. bxc3 d6 9. Bg5 Nbd7 10. Nd2 Bxg2 11. Kxg2 h6 12. Bxf6 Nxf6 13. e4 e5 14. f4 Re8 15. Qf3 Qd7 16. Qd3 Qc6 17. fxe5 dxe5 18. d5 Qd6 19. c5 bxc5 20. c4 Rab8 21. Rab1 Qa6 22. a3 Rb6 23. Rb5 c6 24. Rxc5 cxd5 25. exd5 e4 26. Qe3 Rb2 27. Kh3 Qb6 28. Rf2 h5 29. Re2 Ng4 30. Qd4 e3 31. d6 Rxd2 32. Qxd2 Qxc5 33. Qd3 Nf2+ 34. Rxf2 exf2 35. d7 Rd8 36. Qf5 Qxf5+ 0-1

[Event "Titled Tuesday intern op 30th Aug Early"]
[Site "Chess.com INT"]
[Date "2022.08.30"]
[Round "8"]
[White "Zhigalko, Sergei"]
[Black "Le, Tuan Minh"]
[Result "1-0"]
[WhiteElo "2572"]
[BlackElo "2542"]
[PlyCount "109"]
[EventDate "2022.08.30"]
[EventType "swiss (blitz)"]
[EventRounds "11"]
[EventCountry "USA"]
[SourceTitle "EXT 2023"]
[Source "ChessBase"]
[SourceDate "2022.10.05"]
[SourceVersion "1"]
[SourceVersionDate "2022.10.05"]
[SourceQuality "1"]

1. e4 d5 2. exd5 Qxd5 3. Nc3 Qa5 4. d4 Nf6 5. Nf3 c6 6. Ne5 Nbd7 7. Nc4 Qd8 8. Bd3 g6 9. O-O Bg7 10. Re1 O-O 11. Bf4 Nb6 12. Be5 Be6 13. Qe2 Nbd7 14. Bf4 Re8 15. Rad1 Bg4 16. f3 Be6 17. Kh1 Nd5 18. Nxd5 Bxd5 19. Ne5 Nxe5 20. Bxe5 Bxe5 21. dxe5 Qb6 22. c4 Be6 23. f4 Rad8 24. f5 gxf5 25. Qh5 Qxb2 26. Re3 Rd4 27. Qg5+ Kf8 28. Rg3 Rg4 29. Rxg4 fxg4 30. Bxh7 f6 31. Qh6+ Kf7 32. Bg6+ Kg8 33. Bh7+ Kh8 34. Bg6+ Kg8 35. Bxe8 Qc2 36. Qg6+ Qxg6 37. Bxg6 Bxc4 38. exf6 exf6 39. Rd7 b5 40. Rxa7 Bd5 41. Kg1 Be6 42. Be4 c5 43. Ra5 Bc4 44. Bc6 b4 45. Rxc5 Bxa2 46. Rb5 b3 47. Bd5+ Kg7 48. Bxb3 Bb1 49. Be6 Bd3 50. Rb7+ Kh6 51. Bxg4 Be4 52. Rb6 Kg5 53. Bf3 Bd3 54. Rd6 f5 55. Rxd3 1-0

[Event "Titled Tuesday intern op 30th Aug Early"]
[Site "Chess.com INT"]
[Date "2022.08.30"]
[Round "9"]
[White "Drygalov, Sergey"]
[Black "Zhigalko, Sergei"]
[Result "0-1"]
[WhiteElo "2547"]
[BlackElo "2572"]
[PlyCount "90"]
[EventDate "2022.08.30"]
[EventType "swiss (blitz)"]
[EventRounds "11"]
[EventCountry "USA"]
[SourceTitle "EXT 2023"]
[Source "ChessBase"]
[SourceDate "2022.10.05"]
[SourceVersion "1"]
[SourceVersionDate "2022.10.05"]
[SourceQuality "1"]

1. d4 Nf6 2. c4 e6 3. Nf3 b6 4. g3 Ba6 5. Qc2 Bb4+ 6. Bd2 Be7 7. e4 d5 8. cxd5 Bxf1 9. Kxf1 exd5 10. e5 Ne4 11. Nc3 Nxd2+ 12. Qxd2 Qd7 13. Kg2 Nc6 14. h4 Nd8 15. Ne2 Ne6 16. Nf4 O-O-O 17. Rac1 Kb7 18. Rc2 Rc8 19. Rhc1 h6 20. Nxe6 fxe6 21. b4 g5 22. h5 g4 23. Ne1 Bg5 24. Qe2 Bxc1 25. Rxc1 Rhg8 26. Nd3 Rcf8 27. Nf4 Rg7 28. Qc2 Rgf7 29. Qg6 Rxf4 30. gxf4 Rxf4 31. b5 Rxd4 32. Qxh6 g3 33. fxg3 Qxb5 34. Qe3 Re4 35. Qf2 Re2 36. Rf1 Rxf2+ 37. Rxf2 Qd3 38. g4 Qe4+ 39. Kg3 Qxe5+ 40. Kh3 Qe3+ 41. Kg2 d4 42. Rf3 Qe2+ 43. Kg3 d3 44. h6 d2 45. h7 d1=Q 0-1

[Event "Titled Tuesday intern op 30th Aug Early"]
[Site "Chess.com INT"]
[Date "2022.08.30"]
[Round "10"]
[White "Zhigalko, Sergei"]
[Black "Andreikin, Dmitry"]
[Result "0-1"]
[WhiteElo "2572"]
[BlackElo "2729"]
[PlyCount "64"]
[EventDate "2022.08.30"]
[EventType "swiss (blitz)"]
[EventRounds "11"]
[EventCountry "USA"]
[SourceTitle "EXT 2023"]
[Source "ChessBase"]
[SourceDate "2022.10.05"]
[SourceVersion "1"]
[SourceVersionDate "2022.10.05"]
[SourceQuality "1"]

1. e4 c5 2. c3 e6 3. d4 d5 4. e5 Nc6 5. Nf3 Qb6 6. a3 c4 7. Nbd2 Bd7 8. b3 cxb3 9. Nxb3 Qc7 10. Bd3 Nge7 11. Nc5 Bc8 12. O-O Ng6 13. Nb3 Be7 14. Re1 Bd7 15. Bd2 Rc8 16. a4 b6 17. g3 O-O 18. h4 f6 19. h5 Ngxe5 20. dxe5 fxe5 21. Bb5 Bd6 22. Qe2 e4 23. Nfd4 Ne5 24. Bf4 Rf6 25. Rad1 Rcf8 26. c4 Nxc4 27. Bxc4 Bxf4 28. Bxd5 exd5 29. gxf4 Qxf4 30. Qe3 Qg4+ 31. Qg3 Qxh5 32. Ne6 Bxe6 0-1

[Event "Titled Tuesday intern op 30th Aug Early"]
[Site "Chess.com INT"]
[Date "2022.08.30"]
[Round "11"]
[White "Deac, Bogdan Daniel"]
[Black "Zhigalko, Sergei"]
[Result "0-1"]
[WhiteElo "2699"]
[BlackElo "2572"]
[PlyCount "94"]
[EventDate "2022.08.30"]
[EventType "swiss (blitz)"]
[EventRounds "11"]
[EventCountry "USA"]
[SourceTitle "EXT 2023"]
[Source "ChessBase"]
[SourceDate "2022.10.05"]
[SourceVersion "1"]
[SourceVersionDate "2022.10.05"]
[SourceQuality "1"]

1. d4 Nf6 2. c4 e6 3. Nc3 Bb4 4. e3 O-O 5. Bd3 d5 6. a3 Bxc3+ 7. bxc3 c5 8. cxd5 exd5 9. Ne2 Bg4 10. f3 Bh5 11. Nf4 Bg6 12. Nxg6 hxg6 13. O-O Re8 14. a4 Nc6 15. Re1 Rc8 16. Rb1 Na5 17. Rb2 Qc7 18. Rbe2 cxd4 19. cxd4 Qb6 20. Rb2 Qd6 21. Bd2 Qa3 22. Qb1 Nc4 23. Bxc4 Rxc4 24. a5 Rec8 25. Rxb7 Rc2 26. Rb8 Rxb8 27. Qxc2 Rb2 28. Bc1 Qxa5 29. Qc8+ Kh7 30. Rf1 Ra2 31. Qh3+ Kg8 32. Qc8+ Kh7 33. e4 dxe4 34. fxe4 Nxe4 35. Qh3+ Qh5 36. Qxh5+ gxh5 37. Rxf7 Nc3 38. Be3 Kg6 39. Rf1 a5 40. d5 Nxd5 41. Bd4 a4 42. Rb1 Rd2 43. Be5 Ne3 44. g3 Rg2+ 45. Kh1 Re2 46. Bf4 a3 47. Ra1 Nc4 0-1